Statistics for Top 1990s TV Shows Quiz

Click here to take the quiz!

General Stats

  • This quiz has been taken 64,105 times
    (41,333 since last reset)
  • The average score is 9 of 34

Answer Stats

ClueShow% Correct
Central PerkFriends
96%
HospitalER
78%
Final AnswerWho Wants to Be
A Millionaire
66%
Tool TimeHome Improvement
64%
BarCheers
60%
NothingSeinfeld
56%
SeattleFrasier
48%
Working-Class FamilyRoseanne
39%
Sweater DadThe Cosby Show
37%
Cut. It. Out.Full House
37%
Senior CitizensThe Golden Girls
36%
Ready for Some?Monday Night Football
36%
News60 Minutes
29%
Divine InterventionTouched by an Angel
27%
Female JournalistMurphy Brown
27%
PoliceN.Y.P.D. Blue
22%
MysteryMurder, She Wrote
16%
Groin ShotAmerica's Funniest
Home Videos
13%
Women in BusinessDesigning Women
13%
FootballCoach
13%
CartoonistCaroline in the City
9%
LingerieVeronica's Closet
9%
CollegeA Different World
8%
Single MomGrace Under Fire
8%
LegalThe Practice
7%
MilitaryMajor Dad
6%
Single GirlSuddenly Susan
5%
BachelorThe Single Guy
2%
Middle-AgeEmpty Nest
2%
CollegeBoston Common
1%
TabloidThe Naked Truth
1%
Single MomJesse
1%
PlaywrightUnion Square
1%
Women in BusinessFired Up
1%

Score Distribution

Percentile by Number Answered

Percent of People with Each Score

Your Score History

You have not taken this quiz since the last reset